[Event "CHN-chT"]
[Site "Qingdao"]
[Date "2024.04.04"]
[Round "3.2"]
[White "Bai, Jinshi"]
[Black "Xu, Jun"]
[Result "1/2-1/2"]
[WhiteElo "2586"]
[BlackElo "2465"]
[PlyCount "135"]
[EventDate "2024.04.02"]
[EventType "team-swiss"]
[EventRounds "9"]
[EventCountry "CHN"]
[SourceTitle "CB16_2024"]
[SourceDate "2024.04.17"]
[SourceVersion "1"]
[SourceVersionDate "2024.04.17"]
[SourceQuality "1"]
[WhiteTeam "Hangzhou"]
[BlackTeam "Jiangsu"]
[WhiteTeamCountry "CHN"]
[BlackTeamCountry "CHN"]

1. c4 e5 2. g3 Nf6 3. Bg2 d5 4. cxd5 Nxd5 5. Nf3 Nc6 6. 0-0 Nb6 7. b3 Be7 8. Bb2 f6 9. Nc3 0-0 10. Rc1 Be6 11. Ne4 Qd7 12. Qc2 Bd5 13. Nc5 Bxc5 14. Qxc5 a5 15. e4 Bf7 16. d4 exd4 17. Nxd4 Nxd4 18. Bxd4 a4 19. e5 axb3 20. axb3 Rfd8 21. Ba1 Nd5 22. exf6 gxf6 23. Qd4 Qf5 24. Be4 Qg5 25. h4 Qh6 26. Bf5 c6 27. Qg4+ Kh8 28. Rfe1 Rg8 29. Qd4 Rge8 30. Bb2 Qf8 31. Qd3 Bg8 32. Qf3 Bf7 33. Be4 Kg8 34. Red1 Qh6 35. Rc4 Rad8 36. Rcd4 Bh5 37. g4 Bf7 38. h5 Qg5 39. Bc1 Qe5 40. Qd3 Kh8 41. Bb2 Qg5 42. Qf3 Kg8 43. Bc1 Qe5 44. Bf4 Qe7 45. Bg3 Be6 46. Bh4 Qg7 47. Qg3 Rf8 48. Bf3 Rde8 49. Qd6 Nc3 50. Qf4 Nxd1 51. Bxd1 Bd5 52. Rxd5 cxd5 53. Bf3 Re5 54. Bg3 Rfe8 55. Qd4 Qd7 56. Kg2 Qe6 57. Bxe5 fxe5 58. Qxd5 Qxd5 59. Bxd5+ Kg7 60. Bxb7 e4 61. f3 exf3+ 62. Kxf3 h6 63. Bd5 Kf6 64. Kf4 Re1 65. Be4 Re2 66. Bd5 Re1 67. Be4 Re2 68. Bd5 1/2-1/2

[Event "Chengdu Chess King"]
[Site "Chengdu"]
[Date "2024.01.06"]
[Round "1.3"]
[White "Bu, Xiangzhi"]
[Black "Bai, Jinshi"]
[Result "1/2-1/2"]
[WhiteElo "2671"]
[BlackElo "2586"]
[PlyCount "97"]
[EventDate "2024.01.06"]
[EventType "k.o. (rapid)"]
[EventRounds "4"]
[EventCountry "CHN"]
[SourceTitle "CB02_2024"]
[SourceDate "2024.01.10"]
[SourceVersion "1"]
[SourceVersionDate "2024.01.10"]
[SourceQuality "1"]

1. d4 d5 2. Nf3 Nf6 3. Bf4 Bf5 4. e3 e6 5. Bd3 Bxd3 6. Qxd3 c5 7. 0-0 Nc6 8. dxc5 Bxc5 9. Nbd2 0-0 10. c3 h6 11. Rad1 Qe7 12. Bg3 Rfd8 13. Bh4 e5 14. Qf5 Qe6 15. Qxe6 fxe6 16. b4 Bd6 17. e4 g5 18. Bg3 dxe4 19. Nc4 Bxb4 20. cxb4 exf3 21. b5 Nd4 22. Bxe5 Ne2+ 23. Kh1 fxg2+ 24. Kxg2 Nd5 25. Rfe1 Ndf4+ 26. Kf1 Rxd1 27. Rxd1 Rc8 28. Ne3 Rc5 29. Ng4 h5 30. Nf6+ Kf7 31. Bxf4 Nxf4 32. Ne4 Re5 33. f3 Ke7 34. a4 Nd5 35. Kf2 g4 36. Rd4 Rf5 37. Nd2 Kd6 38. Rc4 Nb6 39. Rd4+ Rd5 40. Rxd5+ exd5 41. fxg4 hxg4 42. Kg3 Nxa4 43. Kxg4 Nb2 44. h4 Nc4 45. Nb3 a5 46. bxa6 bxa6 47. h5 Ke6 48. Nc5+ Kf6 49. Nxa6 1/2-1/2

[Event "Wch Blitz"]
[Site "Samarkand"]
[Date "2023.12.30"]
[Round "18"]
[White "Bai, Jinshi"]
[Black "Dreev, Alexey"]
[Result "1-0"]
[WhiteElo "2585"]
[BlackElo "2606"]
[PlyCount "127"]
[EventDate "2023.12.29"]
[EventType "swiss (blitz)"]
[EventRounds "21"]
[EventCountry "UZB"]
[SourceTitle "CB01_2024"]
[SourceDate "2024.01.03"]
[SourceVersion "1"]
[SourceVersionDate "2024.01.03"]
[SourceQuality "1"]

1. d4 d5 2. Nf3 Nf6 3. c4 c6 4. cxd5 cxd5 5. Nc3 Nc6 6. Bf4 e6 7. e3 Bd6 8. Bg3 Bxg3 9. hxg3 Qd6 10. Bd3 Bd7 11. Rc1 h6 12. Nb5 Qb4+ 13. Qd2 Qxd2+ 14. Kxd2 Ke7 15. Nc3 Rac8 16. Ke2 Rhd8 17. Nd2 e5 18. dxe5 Nxe5 19. Nf3 Bg4 20. Rhd1 Rc6 21. Bf5 Bxf3+ 22. gxf3 Nc4 23. b3 Nd6 24. Bh3 h5 25. Na4 g5 26. Rxc6 bxc6 27. Rc1 g4 28. Bg2 Kd7 29. Nc5+ Kc7 30. Nd3 Kb6 31. fxg4 hxg4 32. Rh1 Nfe4 33. Ne5 f5 34. a4 a5 35. Rh6 Nc3+ 36. Kd3 Nce4 37. Bxe4 fxe4+ 38. Kd2 Kc5 39. Nxg4 Kb4 40. Kc2 c5 41. Ne5 Ka3 42. Nc6 Rd7 43. Ne5 Rd8 44. Rh1 Rc8 45. Kc3 Ka2 46. Rd1 d4+ 47. exd4 cxd4+ 48. Kxd4 Kxb3 49. Kd5 Ne8 50. Kxe4 Kxa4 51. Ra1+ Kb5 52. Rb1+ Ka4 53. f4 Nf6+ 54. Kf5 Nd5 55. g4 Ne3+ 56. Ke4 Nc2 57. g5 Ka3 58. g6 a4 59. f5 Ka2 60. Rb7 a3 61. g7 Na1 62. f6 Nb3 63. Ra7 Kb2 64. f7 1-0

[Event "Wch Blitz"]
[Site "Samarkand"]
[Date "2023.12.30"]
[Round "20"]
[White "Bai, Jinshi"]
[Black "Keymer, Vincent"]
[Result "0-1"]
[WhiteElo "2585"]
[BlackElo "2738"]
[PlyCount "100"]
[EventDate "2023.12.29"]
[EventType "swiss (blitz)"]
[EventRounds "21"]
[EventCountry "UZB"]
[SourceTitle "CB01_2024"]
[SourceDate "2024.01.03"]
[SourceVersion "1"]
[SourceVersionDate "2024.01.03"]
[SourceQuality "1"]

1. d4 Nf6 2. c4 e6 3. Nf3 d5 4. Nc3 c5 5. cxd5 Nxd5 6. g3 cxd4 7. Nxd5 Qxd5 8. Qxd4 Qb5 9. e4 Qb4+ 10. Bd2 Nc6 11. Qxb4 Bxb4 12. Bb5 Bd7 13. Bxc6 Bxd2+ 14. Kxd2 Bxc6 15. Ke3 f5 16. exf5 Rf8 17. Rhe1 Bxf3 18. Kxf3 Rxf5+ 19. Kg2 Ke7 20. Rac1 Rd8 21. Rc2 Rfd5 22. h4 Rd2 23. Re2 Rxe2 24. Rxe2 Rc8 25. Rd2 Rc5 26. Kf3 a6 27. Ke4 Rc4+ 28. Kd3 Rb4 29. Rc2 Kd7 30. b3 Rb5 31. Ke4 Rd5 32. g4 g6 33. f3 Rb5 34. f4 Rd5 35. g5 Rd1 36. h5 Re1+ 37. Kd4 Kd6 38. hxg6 hxg6 39. Rc8 Rd1+ 40. Ke4 Re1+ 41. Kf3 Rf1+ 42. Ke3 Re1+ 43. Kd2 Rf1 44. Rf8 Rf2+ 45. Kd3 Rxa2 46. Rf6 Rb2 47. Kc3 Rf2 48. Kd4 Rxf4+ 49. Rxf4 e5+ 50. Ke4 exf4 0-1

[Event "Wch Blitz"]
[Site "Samarkand"]
[Date "2023.12.30"]
[Round "15"]
[White "Esipenko, Andrey"]
[Black "Bai, Jinshi"]
[Result "1-0"]
[WhiteElo "2702"]
[BlackElo "2585"]
[PlyCount "133"]
[EventDate "2023.12.29"]
[EventType "swiss (blitz)"]
[EventRounds "21"]
[EventCountry "UZB"]
[SourceTitle "CB01_2024"]
[SourceDate "2024.01.03"]
[SourceVersion "1"]
[SourceVersionDate "2024.01.03"]
[SourceQuality "1"]

1. e4 e5 2. Nf3 Nf6 3. Nxe5 d6 4. Nf3 Nxe4 5. d4 d5 6. Bd3 Nc6 7. 0-0 Be7 8. Re1 Bf5 9. Nbd2 Nxd2 10. Qxd2 Bg6 11. c3 0-0 12. Qc2 Bd6 13. Bg5 Qd7 14. Nh4 Bxd3 15. Qxd3 g6 16. Nf3 Rfe8 17. h4 a6 18. h5 Qg4 19. hxg6 hxg6 20. Qc2 Re4 21. Qb3 Rae8 22. Be3 Qh5 23. Qxb7 R8e6 24. Bd2 Ne7 25. c4 Nf5 26. Qxd5 Nxd4 27. Qxh5 gxh5 28. Ng5 Rxe1+ 29. Rxe1 Rg6 30. Kf1 f6 31. Re8+ Kg7 32. Ne4 Nf5 33. Nxd6 Nxd6 34. Re7+ Kg8 35. Rxc7 Rg4 36. c5 Ne4 37. Be3 Rh4 38. Kg1 Ng5 39. b3 Ne6 40. Rc8+ Kf7 41. c6 Ke7 42. Ra8 f5 43. Rxa6 Re4 44. Kf1 f4 45. Bd2 Kd6 46. Ra5 h4 47. Rh5 Rd4 48. Ke1 Re4+ 49. Kd1 Kxc6 50. Rxh4 Kd5 51. f3 Rd4 52. Kc2 Kc6 53. Rh6 Kd7 54. Bc3 Rd5 55. Rg6 Nc5 56. Rg4 Ne6 57. a4 Rc5 58. Kd3 Rd5+ 59. Ke4 Rd1 60. Be5 Rb1 61. Bxf4 Rxb3 62. Be5 Nc5+ 63. Kf5 Ra3 64. Rd4+ Kc6 65. Bd6 Ra2 66. Bxc5 Kxc5 67. Rg4 1-0

[Event "Wch Blitz"]
[Site "Samarkand"]
[Date "2023.12.30"]
[Round "13"]
[White "Praggnanandhaa, Rameshbabu"]
[Black "Bai, Jinshi"]
[Result "1-0"]
[WhiteElo "2740"]
[BlackElo "2585"]
[PlyCount "107"]
[EventDate "2023.12.29"]
[EventType "swiss (blitz)"]
[EventRounds "21"]
[EventCountry "UZB"]
[SourceTitle "CB01_2024"]
[SourceDate "2024.01.03"]
[SourceVersion "1"]
[SourceVersionDate "2024.01.03"]
[SourceQuality "1"]

1. Nf3 c5 2. e4 e6 3. g3 d5 4. exd5 exd5 5. Bg2 Qe7+ 6. Qe2 Nc6 7. Qxe7+ Bxe7 8. 0-0 Nf6 9. d3 0-0 10. Nc3 h6 11. Bf4 Be6 12. Rfe1 Rad8 13. Nb5 a6 14. Nc7 Bc8 15. Ne5 Bd6 16. Nxc6 bxc6 17. Bxd6 Rxd6 18. Na8 Nd7 19. Bh3 Ne5 20. Rxe5 Bxh3 21. Nb6 Rb8 22. Na4 c4 23. f3 Rb4 24. b3 f6 25. Re8+ Kf7 26. Rae1 cxd3 27. cxd3 Bf5 28. Nc5 Rb5 29. d4 Rb4 30. g4 Bc2 31. R8e2 Bg6 32. Re7+ Kg8 33. Rd1 a5 34. Ra7 Rd8 35. Ne6 Re8 36. Rxg7+ Kh8 37. Rxg6 Rxe6 38. Rxh6+ Kg7 39. g5 a4 40. Rd3 Re1+ 41. Kf2 Ra1 42. bxa4 Rxa2+ 43. Kg3 fxg5 44. Rxc6 Raxa4 45. Re3 Rxd4 46. Re7+ Kf8 47. Rh7 Kg8 48. Rd7 Ra8 49. Rg6+ Kh8 50. Rxg5 Rg8 51. h4 Rd1 52. Kg4 Rg1+ 53. Kh5 Rf8 54. Rxg1 1-0

[Event "Wch Blitz"]
[Site "Samarkand"]
[Date "2023.12.30"]
[Round "19"]
[White "Van Foreest, Jorden"]
[Black "Bai, Jinshi"]
[Result "1/2-1/2"]
[WhiteElo "2679"]
[BlackElo "2585"]
[PlyCount "60"]
[EventDate "2023.12.29"]
[EventType "swiss (blitz)"]
[EventRounds "21"]
[EventCountry "UZB"]
[SourceTitle "CB01_2024"]
[SourceDate "2024.01.03"]
[SourceVersion "1"]
[SourceVersionDate "2024.01.03"]
[SourceQuality "1"]

1. e4 c5 2. Nf3 e6 3. d4 cxd4 4. Nxd4 a6 5. c4 Nf6 6. Nc3 Bb4 7. Qd3 d6 8. Nc2 Bxc3+ 9. Qxc3 0-0 10. Bd3 Nc6 11. 0-0 d5 12. exd5 exd5 13. Bg5 d4 14. Qd2 h6 15. Bh4 Be6 16. Rfe1 Rc8 17. Rad1 Re8 18. Bf1 g5 19. Bg3 Nh5 20. Nxd4 Nxd4 21. Qxd4 Nxg3 22. Qc3 Ne4 23. Rxd8 Nxc3 24. Rxe8+ Rxe8 25. bxc3 Rc8 26. Rb1 Bxc4 27. Rxb7 Bxa2 28. Rb6 Rxc3 29. Rxa6 Be6 30. Ra1 Kg7 1/2-1/2

[Event "Wch Blitz"]
[Site "Samarkand"]
[Date "2023.12.29"]
[Round "3"]
[White "Bai, Jinshi"]
[Black "Andreikin, Dmitry"]
[Result "1-0"]
[WhiteElo "2585"]
[BlackElo "2729"]
[PlyCount "44"]
[EventDate "2023.12.29"]
[EventType "swiss (blitz)"]
[EventRounds "21"]
[EventCountry "UZB"]
[SourceTitle "CB01_2024"]
[SourceDate "2024.01.03"]
[SourceVersion "1"]
[SourceVersionDate "2024.01.03"]
[SourceQuality "1"]

1. d4 d5 2. Nf3 Nf6 3. c4 e6 4. Nc3 a6 5. c5 b6 6. cxb6 c5 7. Bf4 Bd6 8. Bxd6 Qxd6 9. dxc5 Qxc5 10. Qd4 Qd6 11. e3 0-0 12. Be2 Nc6 13. Qd2 Rb8 14. 0-0 Rxb6 15. Rfd1 Ne5 16. Rac1 Nxf3+ 17. Bxf3 Qb4 18. b3 Rb8 19. Na4 a5 20. Nc5 Rd8 21. h3 h6 22. Qd4 Qxd4 1-0

[Event "Wch Rapid"]
[Site "Samarkand"]
[Date "2023.12.28"]
[Round "10"]
[White "Bai, Jinshi"]
[Black "Sarana, Alexey"]
[Result "1-0"]
[WhiteElo "2585"]
[BlackElo "2688"]
[PlyCount "99"]
[EventDate "2023.12.26"]
[EventType "swiss (rapid)"]
[EventRounds "13"]
[EventCountry "UZB"]
[SourceTitle "CB01_2024"]
[SourceDate "2024.01.03"]
[SourceVersion "1"]
[SourceVersionDate "2024.01.03"]
[SourceQuality "1"]

1. d4 Nf6 2. c4 e6 3. Nf3 d5 4. Nc3 a6 5. c5 b6 6. cxb6 c5 7. e3 Nbd7 8. Bd3 Qxb6 9. 0-0 Bd6 10. Na4 Qa7 11. b3 cxd4 12. exd4 Bb7 13. Bb2 Bc6 14. Nc5 Nxc5 15. dxc5 Bxc5 16. Ne5 Bb5 17. Bxb5+ axb5 18. a4 Qb6 19. Ng4 Be7 20. Nxf6+ Bxf6 21. Bxf6 gxf6 22. axb5 0-0 23. Ra4 f5 24. Qh5 f6 25. Rfa1 Rab8 26. Ra6 Qxb5 27. Rxe6 Qd7 28. Qxf5 Rxb3 29. h3 d4 30. Qg4+ Qg7 31. Qxd4 Rxh3 32. Rae1 Qg6 33. Qd7 Rd3 34. Qb5 Rdd8 35. R6e3 Kh8 36. Rg3 Qf7 37. Qc5 Rfe8 38. Ra1 Rd5 39. Qc6 Rde5 40. Rf3 R5e6 41. Qc3 Qg6 42. g3 Qh6 43. Kg2 Qg5 44. Ra7 Qg6 45. Rf4 Qg5 46. Qd3 Qg6 47. Qd7 Kg8 48. Rh4 h6 49. Rg4 Qxg4 50. Qf7+ 1-0

[Event "CHN-chT Div A Finals"]
[Site "Nanjing"]
[Date "2023.12.04"]
[Round "3.2"]
[White "Bai, Jinshi"]
[Black "Bu, Xiangzhi"]
[Result "1/2-1/2"]
[WhiteElo "2585"]
[BlackElo "2677"]
[PlyCount "75"]
[EventDate "2023.12.02"]
[EventType "team-tourn"]
[EventRounds "10"]
[EventCountry "CHN"]
[SourceTitle "CB50_2023"]
[SourceDate "2023.12.13"]
[SourceVersion "1"]
[SourceVersionDate "2023.12.13"]
[SourceQuality "1"]
[WhiteTeam "Hangzhou Bank"]
[BlackTeam "Chongqing Sports Lottery"]
[WhiteTeamCountry "CHN"]
[BlackTeamCountry "CHN"]

1. d4 Nf6 2. c4 e6 3. Nf3 d5 4. Nc3 c5 5. cxd5 Nxd5 6. e4 Nxc3 7. bxc3 cxd4 8. cxd4 Bb4+ 9. Bd2 Bxd2+ 10. Qxd2 0-0 11. Bc4 Nd7 12. 0-0 b6 13. Rad1 Bb7 14. Rfe1 Rc8 15. Bb3 Re8 16. h3 h6 17. Re3 Qc7 18. d5 exd5 19. exd5 Qd6 20. Re6 Qc5 21. Rxe8+ Rxe8 22. Qf4 Nf6 23. d6 Re2 24. Nh4 Re4 25. Qg3 Bc8 26. Ng6 Bd7 27. Qf3 Qg5 28. Ne7+ Kf8 29. Bc2 Rc4 30. Bf5 Rc1 31. Bxd7 Rxd1+ 32. Qxd1 Nxd7 33. Qf3 g6 34. Qc6 Qc5 35. Qxd7 Qc1+ 36. Kh2 Qf4+ 37. Kg1 Qc1+ 38. Kh2 1/2-1/2

[Event "CHN-chT Div A Finals"]
[Site "Nanjing"]
[Date "2023.12.03"]
[Round "2.2"]
[White "Bai, Jinshi"]
[Black "Huang, Renjie"]
[Result "1/2-1/2"]
[WhiteElo "2585"]
[BlackElo "2488"]
[PlyCount "75"]
[EventDate "2023.12.02"]
[EventType "team-tourn"]
[EventRounds "10"]
[EventCountry "CHN"]
[SourceTitle "CB50_2023"]
[SourceDate "2023.12.13"]
[SourceVersion "1"]
[SourceVersionDate "2023.12.13"]
[SourceQuality "1"]
[WhiteTeam "Hangzhou Bank"]
[BlackTeam "Shandong"]
[WhiteTeamCountry "CHN"]
[BlackTeamCountry "CHN"]

1. Nf3 d5 2. g3 g6 3. Bg2 Bg7 4. d4 Nf6 5. 0-0 0-0 6. Nbd2 a5 7. c4 c6 8. b3 a4 9. Bb2 Bf5 10. Ne5 Nbd7 11. Nxd7 Qxd7 12. bxa4 b6 13. Qb3 Qa7 14. cxd5 cxd5 15. Nb1 Qxa4 16. Nc3 Qxb3 17. axb3 e6 18. Rfc1 Rxa1 19. Bxa1 Rc8 20. Bb2 Ne4 21. Nxe4 Rxc1+ 22. Bxc1 Bxe4 23. e3 Bxg2 24. Kxg2 Kf8 25. Ba3+ Ke8 26. Kf3 Kd7 27. Ke2 Kc6 28. Kd3 f5 29. h3 Bf6 30. f3 Bg7 31. g4 Bf6 32. Bf8 h5 33. Ba3 hxg4 34. hxg4 Kb5 35. Bd6 Kc6 36. Ba3 Kb5 37. Bd6 Kc6 38. Ba3 1/2-1/2

[Event "Barcelona Sants op 24th"]
[Site "Barcelona"]
[Date "2023.08.22"]
[Round "5"]
[White "Harshad, S."]
[Black "Bai, Jinshi"]
[Result "0-1"]
[WhiteElo "2259"]
[BlackElo "2572"]
[PlyCount "72"]
[EventDate "2023.08.18"]
[EventType "swiss"]
[EventRounds "10"]
[EventCountry "ESP"]
[SourceTitle "CBM 215 Extra"]
[Source "ChessBase"]
[SourceDate "2023.09.30"]
[SourceVersion "1"]
[SourceVersionDate "2023.09.30"]
[SourceQuality "1"]

1. e4 e5 2. Nf3 Nc6 3. Bb5 a6 4. Ba4 Nf6 5. 0-0 Bc5 6. c3 b5 7. Bb3 d6 8. a4 Bb7 9. d4 Bb6 10. h3 0-0 11. Re1 Re8 12. d5 Ne7 13. axb5 axb5 14. Rxa8 Bxa8 15. Qd3 c6 16. dxc6 Bxc6 17. Na3 Bc5 18. Re2 Ng6 19. Bg5 Qa8 20. Nd2 h6 21. Be3 Bxa3 22. bxa3 Qxa3 23. c4 Qb4 24. cxb5 Bxb5 25. Qb1 Qa5 26. Re1 Nf4 27. Nc4 Qa6 28. Bxf4 Bxc4 29. Bd2 Rc8 30. Bc2 Qa8 31. Be3 d5 32. exd5 Bxd5 33. f3 e4 34. f4 Qa5 35. Re2 Bc4 36. Re1 Ba2 0-1

[Event "Barcelona Sants op 24th"]
[Site "Barcelona"]
[Date "2023.08.21"]
[Round "4"]
[White "Bai, Jinshi"]
[Black "Caballero Marrugo, David Jose"]
[Result "1-0"]
[WhiteElo "2572"]
[BlackElo "1945"]
[PlyCount "51"]
[EventDate "2023.08.18"]
[EventType "swiss"]
[EventRounds "10"]
[EventCountry "ESP"]
[SourceTitle "CBM 215 Extra"]
[Source "ChessBase"]
[SourceDate "2023.09.30"]
[SourceVersion "1"]
[SourceVersionDate "2023.09.30"]
[SourceQuality "1"]

1. Nf3 Nf6 2. d4 g6 3. g3 Bg7 4. Bg2 0-0 5. 0-0 d6 6. b3 Nbd7 7. Bb2 e5 8. dxe5 Ng4 9. Qd2 Ngxe5 10. Nxe5 Nxe5 11. c4 Rb8 12. Nc3 Be6 13. Nd5 c6 14. Ne3 Qb6 15. Rad1 Rbd8 16. Bc3 Qa6 17. Qb2 f6 18. Rd2 b5 19. Rfd1 bxc4 20. Rxd6 Rxd6 21. Rxd6 Bf7 22. Bxe5 fxe5 23. bxc4 Bxc4 24. Rxc6 e4 25. Rxa6 Bxb2 26. Nxc4 1-0

[Event "Kavala op 32nd"]
[Site "Kavala"]
[Date "2023.08.04"]
[Round "9"]
[White "Bai, Jinshi"]
[Black "Cardoso Cardoso, Jose Gabriel"]
[Result "1/2-1/2"]
[WhiteElo "2572"]
[BlackElo "2468"]
[PlyCount "72"]
[EventDate "2023.07.28"]
[EventType "swiss"]
[EventRounds "9"]
[EventCountry "GRE"]
[SourceTitle "CBM 215 Extra"]
[Source "ChessBase"]
[SourceDate "2023.09.30"]
[SourceVersion "1"]
[SourceVersionDate "2023.09.30"]
[SourceQuality "1"]

1. Nf3 d5 2. g3 c6 3. Bg2 Bg4 4. c4 e6 5. Qb3 Qb6 6. d3 Nd7 7. 0-0 Ngf6 8. Nc3 Be7 9. Be3 Bc5 10. Bf4 0-0 11. h3 Bh5 12. g4 Bg6 13. Nh4 Rfe8 14. Nxg6 hxg6 15. Na4 Qxb3 16. axb3 Bf8 17. d4 e5 18. dxe5 Nxe5 19. cxd5 Nxd5 20. Bxd5 cxd5 21. Rfd1 Rad8 22. Bxe5 Rxe5 23. e3 d4 24. Rxd4 Rxd4 25. exd4 Rb5 26. Nc3 Rxb3 27. Rxa7 Rxb2 28. Ne4 Rb4 29. Ng5 f6 30. Ne6 Be7 31. Ra8+ Kf7 32. Nd8+ Bxd8 33. Rxd8 Ke7 34. Rg8 Kf7 35. Rd8 Ke7 36. Rg8 Kf7 1/2-1/2

[Event "Kavala op 32nd"]
[Site "Kavala"]
[Date "2023.08.01"]
[Round "6"]
[White "Mohr, Georg"]
[Black "Bai, Jinshi"]
[Result "0-1"]
[WhiteElo "2419"]
[BlackElo "2572"]
[PlyCount "100"]
[EventDate "2023.07.28"]
[EventType "swiss"]
[EventRounds "9"]
[EventCountry "GRE"]
[SourceTitle "CBM 215 Extra"]
[Source "ChessBase"]
[SourceDate "2023.09.30"]
[SourceVersion "1"]
[SourceVersionDate "2023.09.30"]
[SourceQuality "1"]

1. c4 c5 2. Nc3 Nf6 3. Nf3 d5 4. cxd5 Nxd5 5. g3 Nc6 6. Bg2 Nc7 7. 0-0 e5 8. d3 Be7 9. Nd2 0-0 10. Nc4 Qe8 11. a4 Be6 12. Nb5 Na6 13. Bd2 Qd7 14. a5 Bd5 15. Bxd5 Qxd5 16. Qa4 Nd4 17. Rfe1 Rfd8 18. Ne3 Qe6 19. Rac1 e4 20. Nxd4 cxd4 21. Nc4 Rd5 22. dxe4 Rh5 23. Qb3 Qh3 24. Qf3 Qxh2+ 25. Kf1 Nc5 26. g4 Qh1+ 27. Qxh1 Rxh1+ 28. Kg2 Rxe1 29. Bxe1 Nxe4 30. f3 Nc5 31. Ne5 Re8 32. b4 Bf8 33. Bg3 Nb3 34. Rb1 f6 35. Rxb3 fxe5 36. b5 Kf7 37. Rb1 Bd6 38. Rc1 Ke6 39. Bf2 a6 40. bxa6 bxa6 41. f4 Kd5 42. fxe5 Bxe5 43. Rd1 Ke4 44. Rb1 Rc8 45. Rb6 Rc2 46. Kf1 Ra2 47. Be1 d3 48. Rb4+ Kd5 49. exd3 Ra1 50. Rb7 Bc3 0-1

[Event "Paleochora op 16th"]
[Site "Paleochora"]
[Date "2023.07.24"]
[Round "7"]
[White "Bai, Jinshi"]
[Black "Papasimakopoulos, Alexandros"]
[Result "1-0"]
[WhiteElo "2560"]
[BlackElo "2403"]
[PlyCount "77"]
[EventDate "2023.07.19"]
[EventType "swiss"]
[EventRounds "9"]
[EventCountry "GRE"]
[SourceTitle "EXT 2024"]
[Source "ChessBase"]
[SourceDate "2023.10.10"]
[SourceVersion "1"]
[SourceVersionDate "2023.10.10"]
[SourceQuality "1"]

1. Nf3 e6 2. c4 d5 3. d4 c6 4. b3 Nf6 5. e3 c5 6. Bb2 cxd4 7. Nxd4 Bb4+ 8. Nd2 Nc6 9. a3 Bc5 10. Nxc6 bxc6 11. Qc2 Be7 12. Bd3 Bb7 13. g4 h6 14. Rg1 c5 15. cxd5 exd5 16. g5 hxg5 17. Rxg5 Kf8 18. 0-0-0 Qa5 19. Rdg1 c4 20. Nxc4 Qc7 21. Ne5 Qxc2+ 22. Bxc2 Nh5 23. Rf5 Nf6 24. Nd7+ Ke8 25. Rxg7 Kxd7 26. Bxf6 Bxa3+ 27. Bb2 Bxb2+ 28. Kxb2 Raf8 29. Rfxf7+ Rxf7 30. Rxf7+ Kc6 31. Bh7 Bc8 32. h4 a5 33. h5 Bg4 34. h6 Kc5 35. Kc3 Bh5 36. Ra7 Kb6 37. Rg7 Bf3 38. Rf7 Bd1 39. Rf6+ 1-0

[Event "Paleochora op 16th"]
[Site "Paleochora"]
[Date "2023.07.22"]
[Round "5"]
[White "Bai, Jinshi"]
[Black "Kourkoulos Arditis, Stamatis"]
[Result "1/2-1/2"]
[WhiteElo "2560"]
[BlackElo "2531"]
[PlyCount "102"]
[EventDate "2023.07.19"]
[EventType "swiss"]
[EventRounds "9"]
[EventCountry "GRE"]
[SourceTitle "EXT 2024"]
[Source "ChessBase"]
[SourceDate "2023.10.10"]
[SourceVersion "1"]
[SourceVersionDate "2023.10.10"]
[SourceQuality "1"]

1. Nf3 d5 2. g3 b6 3. c4 dxc4 4. Qa4+ Nd7 5. Ne5 Bb7 6. Nc6 Qc8 7. Bg2 e6 8. 0-0 Ne7 9. Qxc4 a6 10. d4 Nxc6 11. Bxc6 Bd6 12. Nd2 0-0 13. Ne4 Nb8 14. Bxb7 Qxb7 15. f3 Nd7 16. Be3 b5 17. Qb3 b4 18. Rac1 Qb5 19. Rc2 Nb6 20. Rd1 a5 21. Qd3 Qd5 22. Nxd6 cxd6 23. Bf4 Rfc8 24. Rxc8+ Rxc8 25. Qa6 Rc6 26. e4 Qc4 27. Qxc4 Rxc4 28. Bxd6 Rc2 29. b3 Rxa2 30. d5 Rc2 31. Bf4 Kf8 32. dxe6 fxe6 33. Rd6 a4 34. Rxb6 axb3 35. Be5 b2 36. Bxb2 Rxb2 37. Rxe6 b3 38. Rb6 Ke7 39. e5 Re2 40. Rxb3 Rxe5 41. Kf2 Ra5 42. h4 h5 43. Ke3 Kf6 44. Rd3 g6 45. Rd6+ Kf5 46. Rd8 Ra3+ 47. Rd3 Ra5 48. Kd4 Ra1 49. Ke3 Ra5 50. Kd4 Ra1 51. Ke3 Ke5 1/2-1/2

[Event "Paleochora op 16th"]
[Site "Paleochora"]
[Date "2023.07.19"]
[Round "1"]
[White "Bai, Jinshi"]
[Black "Katsanis, Vasileios Dimitrios"]
[Result "1-0"]
[WhiteElo "2560"]
[BlackElo "1956"]
[PlyCount "85"]
[EventDate "2023.07.19"]
[EventType "swiss"]
[EventRounds "9"]
[EventCountry "GRE"]
[SourceTitle "EXT 2024"]
[Source "ChessBase"]
[SourceDate "2023.10.10"]
[SourceVersion "1"]
[SourceVersionDate "2023.10.10"]
[SourceQuality "1"]

1. c4 e6 2. g3 d5 3. Bg2 Nf6 4. Nf3 Be7 5. 0-0 0-0 6. b3 c5 7. cxd5 exd5 8. d4 Nc6 9. Bb2 Be6 10. Nc3 Rc8 11. Rc1 Nxd4 12. Nxd4 cxd4 13. Qxd4 Bc5 14. Qd3 Qd7 15. Na4 Be7 16. Bd4 b6 17. Nc3 Rfd8 18. Qa6 Ne8 19. Be5 Rc5 20. Na4 Ra5 21. Qd3 Bf5 22. Qd2 d4 23. Bf4 Bh3 24. Qd3 Rh5 25. Bf3 Bg4 26. h4 b5 27. Nc3 Nf6 28. Ne4 Nxe4 29. Bxe4 Bd6 30. Qxd4 Bxf4 31. Qxd7 Bxd7 32. gxf4 Rxh4 33. Rfd1 Kf8 34. Rc7 Rg4+ 35. Kf1 Re8 36. Bf3 Be6 37. Bxg4 Bxg4 38. f3 Bh3+ 39. Kf2 a5 40. Rh1 Be6 41. Rxh7 Kg8 42. Rh5 Rb8 43. f5 1-0